000 00841nam a2200229 a 4500
001 000042719
005 20201002040339.0
008 140206s1998 sp abc 000 0 spa d
020 _a8440680252
040 _aDO-SdBNP
_bspa
_cBNPHU
041 1 7 _aspa
_heng
082 _axxx
_bB433W
100 1 _aWallach, Janet,
_d1942-
_970034
240 1 0 _aDesert queen
_lEspañol
245 1 3 _aLa reina del desierto :
_bla vida de Gertrude Bell, aventurera, asesora de reyes y consejera de Lawrence de Arabia /
_cJanet Wallach ; traducción Montserrat Fernández.
260 _aBarcelona, España :
_bEdiciones B,
_c1998.
300 _a557 p. :
_bil., retrs, mapas ;
_c19 cm.
490 1 _aBiblioteca grandea viajeros
504 _aBibliografía : p. 557
700 1 2 _aFernández, Montserrat
_etr.
_932360
830 0 _aBiblioteca grandea viajeros
_970035
999 _c42208
_d42208